[Event "Pfalz op-B 10th"]
[Site "Neustadt an der Weinstrasse"]
[Date "2019.03.03"]
[Round "5"]
[White "Hardt, Anton"]
[Black "Mikeler, Marcel"]
[Result "0-1"]
[WhiteElo "1757"]
[BlackElo "1875"]
[PlyCount "120"]
[EventDate "2019.03.01"]
[EventType "swiss"]
[EventRounds "7"]
[EventCountry "GER"]
[SourceTitle "CBM 189 Extra"]
[Source "ChessBase"]
[SourceDate "2019.06.03"]
[SourceVersion "1"]
[SourceVersionDate "2019.06.03"]
[SourceQuality "1"]

1. e4 e5 2. Nf3 Nc6 3. Bb5 a6 4. Ba4 Nf6 5. 0-0 b5 6. Bb3 Be7 7. Re1 d6 8. c3 0-0 9. d4 Bg4 10. Be3 Na5 11. Bc2 Nc4 12. Bc1 c5 13. b3 Nb6 14. Nbd2 Qc7 15. Bb2 Nfd7 16. Nf1 Bxf3 17. gxf3 Rfc8 18. Bd3 Nf8 19. Ne3 Ng6 20. Nf5 Bf6 21. Kh1 Nd7 22. Rg1 Ndf8 23. a4 Rab8 24. axb5 axb5 25. Ra6 Rd8 26. d5 Rb6 27. Qa1 b4 28. cxb4 cxb4 29. Rc1 Qb8 30. Qa5 Rxa6 31. Bxa6 Qa7 32. Ne3 Ra8 33. Ra1 Bg5 34. Qxb4 Bxe3 35. fxe3 Qxe3 36. Qc3 Qf2 37. Rf1 Qb6 38. Bc4 Nf4 39. Bc1 h6 40. Bxf4 exf4 41. Rg1 Ng6 42. Qd2 Qc5 43. Qc3 Ne5 44. Rc1 Rc8 45. Kg2 f6 46. Qd2 g5 47. Qf2 Qxf2+ 48. Kxf2 Nd3+ 49. Bxd3 Rxc1 50. Ke2 Kf7 51. Kf2 Rc3 52. Bc4 Rc2+ 53. Kg1 Rb2 54. h3 Ke7 55. Kf1 Kd7 56. Kg1 Kc7 57. Kf1 Kb6 58. Kg1 Kc5 59. Kf1 Kd4 60. Kg1 Ke3 0-1

[Event "Pfalz op-B 10th"]
[Site "Neustadt an der Weinstrasse"]
[Date "2019.03.03"]
[Round "4"]
[White "Wachtel, Arthur"]
[Black "Hardt, Anton"]
[Result "1-0"]
[WhiteElo "1897"]
[BlackElo "1757"]
[PlyCount "73"]
[EventDate "2019.03.01"]
[EventType "swiss"]
[EventRounds "7"]
[EventCountry "GER"]
[SourceTitle "CBM 189 Extra"]
[Source "ChessBase"]
[SourceDate "2019.06.03"]
[SourceVersion "1"]
[SourceVersionDate "2019.06.03"]
[SourceQuality "1"]

1. e4 c5 2. Nf3 e6 3. d3 Nc6 4. Nbd2 Qc7 5. g3 Nf6 6. Bg2 Be7 7. 0-0 0-0 8. Re1 d5 9. h4 b5 10. Nf1 dxe4 11. dxe4 a5 12. e5 Nd5 13. Ne3 Rd8 14. Qe2 Ba6 15. Nxd5 Rxd5 16. Bf4 b4 17. Qe3 c4 18. Ng5 h6 19. Bxd5 hxg5 20. Bxc6 gxf4 21. Qf3 Rc8 22. Be4 fxg3 23. Qxg3 Bb7 24. Rad1 Rd8 25. Bxb7 Rxd1 26. Rxd1 Qxb7 27. Rd4 Qc7 28. Rg4 Bf8 29. h5 Kh7 30. Qe3 c3 31. bxc3 Qxc3 32. Qxc3 bxc3 33. Rf4 Kg8 34. Ra4 Kh7 35. Rxa5 Kh6 36. Ra7 Kxh5 37. Rxf7 1-0

[Event "Eschborn op"]
[Site "Eschborn"]
[Date "2018.10.06"]
[Round "2"]
[White "Hardt, Anton"]
[Black "Porstendoerfer, Yannik"]
[Result "1-0"]
[WhiteElo "1806"]
[BlackElo "1485"]
[PlyCount "59"]
[EventDate "2018.10.05"]
[EventType "swiss"]
[EventRounds "5"]
[EventCountry "GER"]
[SourceTitle "CBM 187 Extra"]
[Source "ChessBase"]
[SourceDate "2018.11.04"]
[SourceVersion "1"]
[SourceVersionDate "2018.11.04"]
[SourceQuality "1"]

1. e4 d5 2. exd5 Nf6 3. d4 Nxd5 4. c4 Nf6 5. Nc3 e6 6. Nf3 c5 7. Be3 cxd4 8. Nxd4 Bd7 9. Ndb5 Nc6 10. Bg5 h6 11. Bxf6 Qxf6 12. Nc7+ Kd8 13. Nxa8 Bb4 14. Qd2 Qe5+ 15. Be2 Nd4 16. Rd1 Bc5 17. 0-0 Ke7 18. a3 Bc6 19. b4 Bd6 20. f4 Nxe2+ 21. Nxe2 Bc5+ 22. bxc5 Qxc5+ 23. Qd4 Qxd4+ 24. Nxd4 Rxa8 25. Nxc6+ bxc6 26. Rd3 a5 27. Rfd1 Rb8 28. Rd7+ Kf6 29. Rc7 Rb3 30. Rdd7 1-0

[Event "Baden Wuerttemberg-chT U14"]
[Site "Burg Ortenberg"]
[Date "2018.06.24"]
[Round "5.2"]
[White "Hardt, Anton"]
[Black "Mavrogianis, Stavros"]
[Result "1-0"]
[WhiteElo "1676"]
[BlackElo "1089"]
[PlyCount "41"]
[EventDate "2018.06.23"]
[EventType "team-tourn"]
[EventRounds "5"]
[EventCountry "GER"]
[SourceTitle "EXT 2019"]
[Source "ChessBase"]
[SourceDate "2018.10.10"]
[SourceVersion "1"]
[SourceVersionDate "2018.10.10"]
[SourceQuality "1"]
[WhiteTeam "Lindenhof U14"]
[BlackTeam "Murrhardt U14"]
[WhiteTeamCountry "GER"]
[BlackTeamCountry "GER"]

1. e4 e5 2. Nf3 Nc6 3. Bb5 d6 4. d4 Bd7 5. 0-0 Nf6 6. Nc3 a6 7. Ba4 Qc8 8. Re1 b5 9. Bb3 Bg4 10. Bd5 Nxd5 11. exd5 Nxd4 12. Qxd4 Be7 13. Nxe5 dxe5 14. Qxe5 Qd7 15. Qxg7 0-0-0 16. Qxf7 Rde8 17. Bh6 Bh3 18. Re3 Rhg8 19. Rxh3 Qxh3 20. Qxe8+ Rxe8 21. gxh3 1-0

[Event "Baden Wuerttemberg-chT U14"]
[Site "Burg Ortenberg"]
[Date "2018.06.23"]
[Round "3.3"]
[White "Wang, Xinyuan1111"]
[Black "Hardt, Anton"]
[Result "1-0"]
[WhiteElo "1748"]
[BlackElo "1676"]
[PlyCount "49"]
[EventDate "2018.06.23"]
[EventType "team-tourn"]
[EventRounds "5"]
[EventCountry "GER"]
[SourceTitle "EXT 2019"]
[Source "ChessBase"]
[SourceDate "2018.10.10"]
[SourceVersion "1"]
[SourceVersionDate "2018.10.10"]
[SourceQuality "1"]
[WhiteTeam "Karlsruhe U14"]
[BlackTeam "Lindenhof U14"]
[WhiteTeamCountry "GER"]
[BlackTeamCountry "GER"]

1. d4 d5 2. c4 c6 3. Nc3 Nf6 4. Nf3 e6 5. Bf4 Nbd7 6. e3 Be7 7. Qc2 0-0 8. Bd3 dxc4 9. Bxc4 b5 10. Bd3 Bb7 11. e4 Nh5 12. Bg3 h6 13. Qe2 a6 14. a3 c5 15. Rd1 Nxg3 16. hxg3 Qb6 17. Bc2 Nf6 18. e5 Nd5 19. Nxd5 Bxd5 20. Qd3 g6 21. Rxh6 f5 22. exf6 Rxf6 23. Rxg6+ Rxg6 24. Qxg6+ Kf8 25. Ne5 1-0

[Event "Baden-ch U1700"]
[Site "Walldorf"]
[Date "2017.07.28"]
[Round "4"]
[White "Hardt, Anton"]
[Black "Lindenthal, Andreas"]
[Result "0-1"]
[WhiteElo "1601"]
[BlackElo "1805"]
[PlyCount "90"]
[EventDate "2017.07.26"]
[EventType "swiss"]
[EventRounds "7"]
[EventCountry "GER"]
[SourceTitle "EXT 2018"]
[Source "ChessBase"]
[SourceDate "2017.10.13"]
[SourceVersion "1"]
[SourceVersionDate "2017.10.13"]
[SourceQuality "1"]

1. e4 Nf6 2. e5 Nd5 3. c4 Nb6 4. d4 d6 5. exd6 exd6 6. Nc3 Nc6 7. Be3 Be7 8. Bd3 0-0 9. a3 Re8 10. Nf3 Bg4 11. 0-0 Bf6 12. d5 Ne5 13. Be2 Bxf3 14. Bxf3 Nxf3+ 15. Qxf3 Nxc4 16. Bc1 Bg5 17. b3 Bxc1 18. bxc4 Bb2 19. Rab1 Bxc3 20. Qxc3 b6 21. Rfe1 Qd7 22. Red1 Re2 23. Rd3 Qf5 24. Rf1 Rae8 25. Rf3 Qe5 26. Qd3 Re1 27. Rxe1 Qxe1+ 28. Qf1 Re2 29. h3 Qxf1+ 30. Kxf1 Rc2 31. Re3 Kf8 32. Re4 Rc3 33. Rh4 h6 34. a4 Ra3 35. g4 Rxa4 36. g5 hxg5 37. Rh8+ Ke7 38. h4 gxh4 39. Rxh4 b5 40. Re4+ Kd7 41. Ke2 Rxc4 42. Rxc4 bxc4 43. Ke3 c6 44. dxc6+ Kxc6 45. Kd4 d5 0-1

[Event "GER-chT U12"]
[Site "Magdeburg"]
[Date "2016.12.29"]
[Round "5.3"]
[White "Hardt, Anton"]
[Black "Wagner, Victoria"]
[Result "0-1"]
[WhiteElo "1417"]
[BlackElo "1474"]
[PlyCount "86"]
[EventDate "2016.12.27"]
[EventType "team-swiss"]
[EventRounds "7"]
[EventCountry "GER"]
[SourceTitle "EXT 2018"]
[Source "ChessBase"]
[SourceDate "2017.10.13"]
[SourceVersion "1"]
[SourceVersionDate "2017.10.13"]
[SourceQuality "1"]
[WhiteTeam "Mannheim Lindenhof"]
[BlackTeam "Erfurt SK"]
[WhiteTeamCountry "GER"]
[BlackTeamCountry "GER"]

1. e4 c5 2. Nf3 d6 3. d4 cxd4 4. Nxd4 Nf6 5. Nc3 a6 6. Bc4 e6 7. Be3 b5 8. Bd3 Bb7 9. f3 Be7 10. Qd2 Qc7 11. Nce2 Nbd7 12. Ng3 Nc5 13. Rc1 Rc8 14. 0-0 0-0 15. b3 Nfd7 16. Rfe1 Ne5 17. Bf2 d5 18. Rb1 Rcd8 19. Qe3 Ng6 20. exd5 Bxd5 21. Bf1 h6 22. Qc3 Rc8 23. Nde2 b4 24. Qd2 a5 25. Nd4 Bc6 26. Red1 Rcd8 27. Qe2 Nf4 28. Qe1 Bf6 29. Nb5 Bxb5 30. Rxd8 Rxd8 31. Bxb5 Nb7 32. Be3 Bc3 33. Qf1 Bd2 34. Bxd2 Rxd2 35. Be2 Qxc2 36. Rc1 Qxa2 37. Rc8+ Kh7 38. Rc7 Nxe2+ 39. Nxe2 Rxe2 40. Rxb7 Qd2 41. Qb1+ Qc2 42. Qa1 Rxg2+ 43. Kh1 Rxh2+ 0-1

[Event "GER-chT U12"]
[Site "Magdeburg"]
[Date "2016.12.28"]
[Round "4.3"]
[White "Haufe, Laurin"]
[Black "Hardt, Anton"]
[Result "1-0"]
[WhiteElo "1698"]
[BlackElo "1417"]
[PlyCount "39"]
[EventDate "2016.12.27"]
[EventType "team-swiss"]
[EventRounds "7"]
[EventCountry "GER"]
[SourceTitle "EXT 2018"]
[Source "ChessBase"]
[SourceDate "2017.10.13"]
[SourceVersion "1"]
[SourceVersionDate "2017.10.13"]
[SourceQuality "1"]
[WhiteTeam "Leipzig Gruen Weiss"]
[BlackTeam "Mannheim Lindenhof"]
[WhiteTeamCountry "GER"]
[BlackTeamCountry "GER"]

1. e4 d6 2. d4 Nf6 3. Nc3 g6 4. f4 Bg7 5. Nf3 0-0 6. Bc4 c6 7. 0-0 b5 8. Bd3 Qb6 9. Kh1 Re8 10. Be3 Ng4 11. Bg1 Qc7 12. Qe1 e5 13. d5 Bb7 14. dxc6 Bxc6 15. Bxb5 exf4 16. Qd2 Bxb5 17. Nxb5 Rxe4 18. Nxc7 Ne3 19. Rfe1 Nd7 20. Nxa8 1-0

[Event "GER-chT U12"]
[Site "Magdeburg"]
[Date "2016.12.27"]
[Round "2.3"]
[White "Hardt, Anton"]
[Black "Kroh, Franz Alexander"]
[Result "0-1"]
[WhiteElo "1417"]
[BlackElo "1277"]
[PlyCount "140"]
[EventDate "2016.12.27"]
[EventType "team-swiss"]
[EventRounds "7"]
[EventCountry "GER"]
[SourceTitle "EXT 2018"]
[Source "ChessBase"]
[SourceDate "2017.10.13"]
[SourceVersion "1"]
[SourceVersionDate "2017.10.13"]
[SourceQuality "1"]
[WhiteTeam "Mannheim Lindenhof"]
[BlackTeam "Bebenhausen"]
[WhiteTeamCountry "GER"]
[BlackTeamCountry "GER"]

1. e4 e5 2. Nf3 Nc6 3. Bc4 Bc5 4. c3 Nf6 5. d4 exd4 6. cxd4 Bb4+ 7. Nc3 Nxe4 8. 0-0 Bxc3 9. d5 Bf6 10. Re1 Ne7 11. Rxe4 d6 12. Ng5 Bf5 13. Re1 0-0 14. Bd3 h6 15. Bxf5 Nxf5 16. Qd3 Bxg5 17. Qxf5 Bxc1 18. Raxc1 Re8 19. h3 Rc8 20. Re4 Rxe4 21. Qxe4 Qd7 22. Rc3 c6 23. Qa4 b5 24. dxc6 Qc7 25. Qxb5 Rb8 26. Qa4 Rxb2 27. Qe4 Rb8 28. g3 Kf8 29. Qd5 Re8 30. Rd3 Rd8 31. Kg2 Rc8 32. Qxd6+ Qxd6 33. Rxd6 Rc7 34. Rd7 Rxd7 35. cxd7 Ke7 36. Kf3 Kxd7 37. Ke3 Kc6 38. Kd3 Kb5 39. Kc3 Kc5 40. f4 f5 41. g4 g6 42. Kd3 Kd5 43. Ke3 Kc4 44. g5 h5 45. a4 a5 46. Kd2 Kb3 47. Kc1 Kxa4 48. Kb2 Kb4 49. h4 a4 50. Ka2 a3 51. Ka1 Kc3 52. Ka2 Kd4 53. Kxa3 Ke4 54. Kb3 Kxf4 55. Kc3 Ke3 56. Kc2 Ke2 57. Kc3 f4 58. Kd4 f3 59. Ke5 f2 60. Kf6 f1Q+ 61. Kxg6 Qf3 62. Kg7 Qb7+ 63. Kf6 Qc6+ 64. Ke5 Qg6 65. Kf4 Kf2 66. Ke5 Kg3 67. Kd4 Kxh4 68. Kc3 Kxg5 69. Kd2 Qe4 70. Kc3 h4 0-1